000 01077nam a2200301 i 4500
001 000027327
003 DO-SdBNP
005 20260521143250.0
007 ta
008 110331s1988 dr 000 0 spa d
040 _aDO-SdBNP
_bspa
_cBNPHU
_erda
041 _hspa
082 4 _a972.9303
_bB253r
_222
100 1 _aBarinas Coiscou, Sócrates,
_d1916-2021
_eautor
_4aut.
_924379
245 1 0 _aRebeliones negras de la española /
_cSócrates Barinas Coiscou.
264 1 _aSanto Domingo :
_bImpresos de Calidad,
_c1988.
300 _a364 páginas :
_b22 cm.
336 _atexto
_btxt
_2rdacontent
337 _asin mediación
_bn
_2rdamedia
338 _avolumen
_bnc
_2rdacarrier
504 _aBibliografía : páginas 261-264
505 0 _av.1--
_tRebeliones negras de la española --
_gv. 2--
_tLa isla dividida.
563 _aEl volumen 1 y volumen 2 encuadernados juntos.
590 _aInventariado, 2020/VM
651 4 _aRepúblia Dominicana
_xHistoria
_yGobierno colonia española, 1511-1795
_954407
910 _aValidado. Control de calidad EMS.
942 _2ddc
_cLBS1
999 _c26819
_d26819